| 000 | 00663nam a2200229Ia 4500 | ||
|---|---|---|---|
| 001 | 15654 | ||
| 003 | GE_BSU | ||
| 008 | 181216s||||||||xx |||||||||||||| ||und|| | ||
| 020 | _a99928-43-60-8 | ||
| 040 | _cGE_BSU | ||
| 100 | _aცეცხლაშვილი, თენგიზ | ||
| 245 | _aჩემი ღელე-ღურდანი | ||
| 245 | _bპოემა | ||
| 245 | _cმხ.ვლ.შარაშიძე | ||
| 260 | _aბათუმი | ||
| 260 | _bალიონი | ||
| 260 | _c2002 | ||
| 300 | _a104გვ. ; 20სმ | ||
| 653 | _aპოემა | ||
| 653 | _aჩემი ღელე-ღურდანი | ||
| 942 | _cBK | ||
| 999 |
_c48753 _d48753 |
||